Normal view
MARC view
Entry Personal Name
001 - CONTROL NUMBER
- control field: 251652
003 - CONTROL NUMBER IDENTIFIER
- control field: OSt
005 - DATE AND TIME OF LATEST TRANSACTION
- control field: 20260119094001.0
008 - FIXED-LENGTH DATA ELEMENTS
- fixed length control field: 260119|| aca||aabn | a|a d
040 ## - CATALOGING SOURCE
- Original cataloging agency: OSt
- Transcribing agency: OSt
100 ## - HEADING--PERSONAL NAME
- Personal name: Srinath, Krishnamurthy
670 ## - SOURCE DATA FOUND
- Source citation: Work cat.: (OSt)240786: Leo Tolstoy 251649, Aghanashini : Anna Karenina, 2025